European Countries name in Chinese - Statistics

General Stats
  • This quiz has been taken 127 times
  • The average score is 17 of 20
Answer Stats
Hint Answer % Correct
Fen lan Finland
95%
Dan mai Denmark
90%
Fa lan xi France
90%
Ai er lan Ireland
90%
Yi da li Italy
90%
Bo lan Poland
90%
Pu tao ya Portugal
90%
Ma er ta Malta
88%
Sai er wei ya Serbia
88%
A er ba ni ya Albania
86%
De yi zhi Germany
86%
Luo ma ni ya Romania
86%
E luo si Russia
86%
Li tao wan Lithuania
83%
Lu sen bao Luxembourg
81%
He lan Netherlands
81%
Rui dian Sweden
81%
Sheng ma li nuo San Marino
79%
Xi ban ya Spain
79%
Xi la Greece
76%
No matching quizzes found
Score Distribution
Percent of People with Each Score
Percentile by Number Answered
Your Score History
You have not taken this quiz